Central Library OPAC University of Rajshahi

The concept of education / (Record no. 5786)

MARC details
000 -LEADER
fixed length control field 00774cam a22002531 4500
001 - CONTROL NUMBER
control field 5786
003 - CONTROL NUMBER IDENTIFIER
rucl marc code BD-RjUL
005 - DATE AND TIME OF LATEST TRANSACTION
control field 20211208234128.0
008 - FIXED-LENGTH DATA ELEMENTS--GENERAL INFORMATION
fixed length control field 140107s1967 enk b 001 0 eng
020 ## - INTERNATIONAL STANDARD BOOK NUMBER
International Standard Book Number 0710062699
035 ## - SYSTEM CONTROL NUMBER
System control number (BD-RjUL)5825
System control number (OCoLC)181940
040 ## - CATALOGING SOURCE
Original cataloging agency DLC
Transcribing agency ODaWU
Modifying agency OCoLC
-- Uk
-- DLC
-- BD-RjUL
Language of cataloging eng
041 ## - LANGUAGE CODE
Language code of text/sound track or separate title eng
082 ## - DEWEY DECIMAL CLASSIFICATION NUMBER
Classification number 370.8
Author mark and year PEC 1967
100 1# - MAIN ENTRY--PERSONAL NAME
Personal name Peters, R. S.
Fuller form of name (Richard Stanley),
Dates associated with a name 1919-
9 (RLIN) 18172
245 14 - TITLE STATEMENT
Title The concept of education /
Statement of responsibility, etc. edited by R. S. Peters.
260 ## - PUBLICATION, DISTRIBUTION, ETC. (IMPRINT)
Place of publication, distribution, etc. London :
Name of publisher, distributor, etc. Routledge & K. Paul ;
Place of publication, distribution, etc. New York :
Name of publisher, distributor, etc. Humanities P.,
Date of publication, distribution, etc. c1967.
300 ## - PHYSICAL DESCRIPTION
Pagination viii, 223 p. ;
Size 22 cm.
504 ## - BIBLIOGRAPHY, ETC. NOTE
Bibliography, etc Includes bibliographical references and index.
650 #0 - SUBJECT ADDED ENTRY--TOPICAL TERM
Topical term or geographic name as entry element Education.
9 (RLIN) 18173
942 ## - ADDED ENTRY ELEMENTS (KOHA)
Source of classification or shelving scheme Dewey Decimal Classification
Koha item type Books
Holdings
Lost status Source of classification or shelving scheme Damaged status Not for loan Collection code Permanent Location Current Location Shelving location Date acquired Source of acquisition Cost, normal purchase price Total Checkouts Full call number Date last seen Copy number Koha item type
  Dewey Decimal Classification   Not For Loan Non-fiction Central Library, University of Rajshahi Central Library, University of Rajshahi   26/11/1968 Zeitlinger 30.00   370.8 PEC 1967 07/01/2014 C-1 Books
  Dewey Decimal Classification     Non-fiction Central Library, University of Rajshahi Central Library, University of Rajshahi   18/12/1973 Mitali Prak. 49.50   370.8 PEC 1968 01/08/2016 C-2 Books